000 00551nam a22001097a 4500
008 150624b xxu||||| |||| 00| 0 eng d
010 _8HCCRS ARF:007
245 _aHIGH COURT CRIMINAL SESSION NO.89 OF 1970 Uganda Vs 1.Kirizestom Katende 2.Falasiko Katende 3.Sebastiano Mairani 4.John Bukenya 5. Matayo Kasule
260 _aHigh Court Kampala
500 _3Original criminal case no.MMA.493 of 1969 in the Chief Magistrate's Court of Masaka at Masaka. Before-B.E.D'Silva,Esq., Chief Magistrate.)
500 _3BEFORE:The Honourable Mr.Justice A.W.K.Mukasa
999 _c6638
_d6638